000 00776nam a22001577a 4500
003 OSt
005 20150925092228.0
008 150925b xxu||||| |||| 00| 0 eng d
040 _cRUA
082 _aAGR HEN 2012 B053 Or.1
100 _91301
_aHENG, SOVANROTH.
245 _aweed control under early wet season condition on ir 66 rice varieties in royal university of agriculture (វិធានការគ្រប់គ្រងស្មៅចង្រៃលើពូជស្រូវអ៊ីអ៊ែរ ៦៦ ក្នុងលក្ខខណ្ឌដើមរដូវវស្សា នៃសាកលវិទ្យាល័យភូមិន្ទកសិកម្ម)
260 _aPhnom Penh
_bRUA
_c2012
300 _aviii, 44p.
_bill.
_c29cm.
942 _2ddc
_cAGR
999 _c1232
_d1232